Catálogo de noventa presas y azudes españoles anteriores a 1900 / (Record no. 11959)

MARC details
000 -LEADER
campo de control de longitud fija 00989nam a2200277 4500
001 - NÚMERO DE CONTROL
campo de control 11959
003 - IDENTIFICADOR DE NÚMERO DE CONTROL
campo de control ES-MaACL
005 - FECHA Y HORA DE LA ÚLTIMA TRANSACCIÓN
campo de control 20230906150217.0
007 - CAMPO FIJO DE DESCRIPCIÓN FÍSICA--INFORMACIÓN GENERAL
campo de control de longitud fija t|
008 - DATOS DE LONGITUD FIJA--INFORMACIÓN GENERAL
campo de control de longitud fija 000000s19840000sp a ||||0| spa d
016 7# - NÚMERO DE CONTROL DE UNA AGENCIA BIBLIOGRÁFICA NACIONAL
Número de control cancelado/no válido IBH8605101963
020 ## - NÚMERO INTERNACIONAL ESTÁNDAR DEL LIBRO
Número Internacional Estándar del Libro 84-7506-139-7
040 ## - FUENTE DE CATALOGACIÓN
Centro catalogador/agencia de origen IBH
Lengua de catalogación spa
Centro/agencia transcriptor M-BN-DP
080 ## - NÚMERO DE LA CLASIFICACIÓN DECIMAL UNIVERSAL
Número de la Clasificación Decimal Universal 627.82(46)
245 00 - MENCIÓN DEL TÍTULO
Título Catálogo de noventa presas y azudes españoles anteriores a 1900 /
Mención de responsabilidad, etc. por José A. Fernández Ordóñez, director ; Rosario Martínez Vázquez de Parga... [et al.].
260 ## - PUBLICACIÓN, DISTRIBUCIÓN, ETC.
Lugar de publicación, distribución, etc. Madrid :
Nombre del editor, distribuidor, etc. Comisión de Estudios Históricos de Obras Públicas y Urbanismo,
Fecha de publicación, distribución, etc. D.L. 1984.
300 ## - DESCRIPCIÓN FÍSICA
Extensión 511 p :
Otras características físicas il ;
Dimensiones 25 cm.
490 1# - MENCIÓN DE SERIE
Mención de serie Biblioteca CEHOPU
504 ## - NOTA DE BIBLIOGRAFÍA, ETC.
Nota de bibliografía, etc. Bibliografía. -- Indice.
650 14 - PUNTO DE ACCESO ADICIONAL DE MATERIA--TÉRMINO DE MATERIA
Término de materia o nombre geográfico como elemento de entrada Presas-
Subdivisión geográfica España.
9 (RLIN) 16377
700 1# - ENTRADA AGREGADA--NOMBRE PERSONAL
Nombre de persona Martínez Vázquez de Parga, Rosario.
9 (RLIN) 78472
700 1# - ENTRADA AGREGADA--NOMBRE PERSONAL
Nombre de persona Fernández Ordóñez, José A.
9 (RLIN) 49969
830 0# - PUNTO DE ACCESO ADICIONAL DE SERIE-TÍTULO UNIFORME
Título uniforme Biblioteca CEHOPU
9 (RLIN) 179233
852 ## - LOCALIZACIÓN
Ubicación ES-MaACL
Número de control de estantería L-19261
Sublocalización o colección R.117311
Holdings
Estatus retirado Estado de pérdida Estado de daño No para préstamo Biblioteca de origen Biblioteca actual Ubicación en estantería Fecha de adquisición Fuente de adquisición Total de préstamos Signatura topográfica completa Código de barras Visto por última vez Precio de reemplazo Tipo de ítem Koha
        Biblioteca del Ateneo de Madrid Biblioteca del Ateneo de Madrid Depósito 2 17/01/2008     L-19261 1012186 23/02/2023 23/02/2023 Libro impreso